000 00432nam a2200169Ia 4500
005 20250423094636.0
008 250422s9999 xx 000 0 und d
020 _a0471069302
050 _aHD 30.213 .W38/
100 _aWatson, Hugh J.
245 0 _aBuilding executive information systems and other decision support applications
260 _aNew York
260 _bWiley
260 _c1997
300 _a479 p
942 _cBK
999 _c27858
_d27858